[Event "Prague Summer op 1st"]
[Site "Prague"]
[Date "2014.08.16"]
[Round "9"]
[White "Pappert, Florian"]
[Black "Turkova, Karolina"]
[Result "0-1"]
[WhiteElo "1745"]
[BlackElo "2042"]
[PlyCount "54"]
[EventDate "2014.08.09"]
[EventType "swiss"]
[EventRounds "9"]
[EventCountry "CZE"]
[SourceTitle "CBM 162 Extra"]
[Source "ChessBase"]
[SourceDate "2014.10.17"]
[SourceVersion "1"]
[SourceVersionDate "2014.10.17"]
[SourceQuality "1"]

1. e4 e5 2. Nf3 Nc6 3. Bc4 Nf6 4. d3 Be7 5. c3 d6 6. b4 0-0 7. 0-0 Bg4 8. Nbd2 Qd7 9. h3 Bh5 10. Qb3 Bg6 11. Nh4 a6 12. Nxg6 hxg6 13. a4 Rab8 14. f4 b5 15. Bd5 exf4 16. Bxc6 Qxc6 17. Nf3 Qb6+ 18. Kh1 Nh5 19. Kh2 Bf6 20. d4 Rfe8 21. Re1 Re6 22. a5 Qb7 23. e5 dxe5 24. dxe5 Rbe8 25. Rf1 Bxe5 26. Nxe5 Rxe5 27. Bxf4 Re2 0-1

[Event "GER-chT U20"]
[Site "Osnabrueck"]
[Date "2013.12.30"]
[Round "7.4"]
[White "Fornoff, Robin"]
[Black "Pappert, Florian"]
[Result "1-0"]
[WhiteElo "1930"]
[BlackElo "1754"]
[PlyCount "39"]
[EventDate "2013.12.27"]
[EventType "team-swiss"]
[EventRounds "7"]
[EventCountry "GER"]
[SourceTitle "EXT 2015"]
[Source "ChessBase"]
[SourceDate "2014.11.20"]
[SourceVersion "1"]
[SourceVersionDate "2014.11.20"]
[SourceQuality "1"]
[WhiteTeam "Gernsheim"]
[BlackTeam "Hagen"]
[WhiteTeamCountry "GER"]
[BlackTeamCountry "GER"]

1. e4 e5 2. Bc4 Nf6 3. Nf3 Nc6 4. Ng5 d5 5. exd5 Na5 6. Bb5+ c6 7. dxc6 bxc6 8. Bd3 Bd6 9. Nc3 0-0 10. Qe2 Bd7 11. Nce4 Nxe4 12. Nxe4 Bc7 13. b4 Nb7 14. h4 Kh8 15. Qh5 g6 16. Qh6 f5 17. Ng5 Qe7 18. h5 Qg7 19. hxg6 Qxh6 20. Rxh6 1-0

[Event "GER-chT U20"]
[Site "Osnabrueck"]
[Date "2013.12.29"]
[Round "6.5"]
[White "Rieper, Julian"]
[Black "Pappert, Florian"]
[Result "0-1"]
[WhiteElo "1745"]
[BlackElo "1754"]
[PlyCount "114"]
[EventDate "2013.12.27"]
[EventType "team-swiss"]
[EventRounds "7"]
[EventCountry "GER"]
[SourceTitle "EXT 2015"]
[Source "ChessBase"]
[SourceDate "2014.11.20"]
[SourceVersion "1"]
[SourceVersionDate "2014.11.20"]
[SourceQuality "1"]
[WhiteTeam "Kiel Doppelbauer"]
[BlackTeam "Hagen"]
[WhiteTeamCountry "GER"]
[BlackTeamCountry "GER"]

1. e4 e5 2. Nf3 Nf6 3. Nxe5 d6 4. Nf3 Nxe4 5. d4 d5 6. Bd3 Bd6 7. c4 c6 8. Nc3 Nxc3 9. bxc3 Bg4 10. 0-0 0-0 11. cxd5 cxd5 12. Bxh7+ Kxh7 13. Qd3+ g6 14. Ng5+ Kg7 15. h3 Bf5 16. Qb5 Qd7 17. Qe2 Nc6 18. f4 Rae8 19. Qf2 f6 20. Nf3 Bd3 21. Rd1 Be2 22. Rd2 Bxf3 23. Qxf3 Re7 24. Rf2 Re1+ 25. Rf1 Rxf1+ 26. Kxf1 Qf5 27. Bd2 Qe4 28. Qg3 g5 29. Re1 Qf5 30. Qf3 gxf4 31. g4 Qc2 32. Re2 Qxa2 33. Kf2 Qc4 34. Re6 Bc7 35. g5 Bd8 36. Qh5 Qd3 37. Qh6+ Kf7 38. Bxf4 Kxe6 39. Qxf8 fxg5 40. Qd6+ Kf5 41. Qd7+ Kg6 42. Qe8+ Kg7 43. Qd7+ Be7 44. Qxb7 Qxc3 45. Be3 Qc2+ 46. Kg1 Nxd4 47. Qxd5 Qd1+ 48. Kg2 Qe2+ 49. Bf2 Bf6 50. Qa8 Kh6 51. Qb7 Nf5 52. Qb1 Nh4+ 53. Kg1 Nf3+ 54. Kg2 Bd4 55. Qf1 Qxf1+ 56. Kxf1 Bxf2 57. Kxf2 Ne5 0-1

[Event "GER-chT U20"]
[Site "Osnabrueck"]
[Date "2013.12.27"]
[Round "1.4"]
[White "Pappert, Florian"]
[Black "Riederer, Martin"]
[Result "0-1"]
[WhiteElo "1754"]
[BlackElo "2118"]
[PlyCount "156"]
[EventDate "2013.12.27"]
[EventType "team-swiss"]
[EventRounds "7"]
[EventCountry "GER"]
[SourceTitle "EXT 2015"]
[Source "ChessBase"]
[SourceDate "2014.11.20"]
[SourceVersion "1"]
[SourceVersionDate "2014.11.20"]
[SourceQuality "1"]
[WhiteTeam "Hagen"]
[BlackTeam "Hamburger SK"]
[WhiteTeamCountry "GER"]
[BlackTeamCountry "GER"]

1. e4 e6 2. d4 d5 3. exd5 exd5 4. Bd3 c5 5. c3 c4 6. Bc2 Bd6 7. Nf3 Ne7 8. 0-0 0-0 9. Re1 Bf5 10. Nbd2 Nbc6 11. Nf1 Qc7 12. Ng3 Bxc2 13. Qxc2 Bxg3 14. hxg3 Ng6 15. Be3 Qd7 16. Re2 Rfe8 17. Rae1 b5 18. Qd2 f6 19. a3 Re7 20. Bf4 Rae8 21. Rxe7 Rxe7 22. Rxe7 Ngxe7 23. Qe2 g5 24. Bc1 Nf5 25. Ne1 Nd6 26. f3 Kg7 27. g4 Nd8 28. Kf2 Ne6 29. g3 Kf7 30. Nc2 a5 31. Ne3 Qb7 32. Qc2 Kg7 33. Bd2 Nd8 34. Nf5+ Nxf5 35. Qxf5 Nf7 36. Qe6 Nd8 37. Qd6 Nf7 38. Qe6 Nh8 39. Be1 Ng6 40. Bd2 Nf8 41. Qd6 Qd7 42. Qxd7+ Nxd7 43. Kg2 Nb6 44. Bc1 Kf7 45. Kf2 Ke6 46. Kg2 Kd6 47. Kf2 Na4 48. Ke2 Kc6 49. Kd2 b4 50. axb4 axb4 51. Kc2 b3+ 52. Kd2 Kd6 53. Ke3 Ke6 54. Kf2 Nb6 55. Be3 Nc8 56. Ke2 Nd6 57. Kf2 Kf7 58. Kg2 Kg6 59. Bf2 Nb5 60. Be1 Nd6 61. Kf2 Nf7 62. Ke3 Nh6 63. Ke2 f5 64. gxf5+ Kxf5 65. Bd2 Nf7 66. g4+ Kg6 67. Kf2 h5 68. gxh5+ Kxh5 69. Kg3 Nd6 70. Be3 Nf5+ 71. Kf2 Kh4 72. Bc1 Nd6 73. Bd2 Nf7 74. Be3 Nd8 75. Bd2 Ne6 76. Be3 Kh3 77. Bd2 Nf4 78. Kf1 Kg3 0-1

[Event "GER-chT North U16"]
[Site "Greifswald"]
[Date "2013.09.12"]
[Round "2.2"]
[White "Pappert, Florian"]
[Black "Torzinski, Nils"]
[Result "1/2-1/2"]
[WhiteElo "1676"]
[BlackElo "1803"]
[PlyCount "99"]
[EventDate "2013.09.12"]
[EventType "team-swiss"]
[EventRounds "7"]
[EventCountry "GER"]
[SourceTitle "EXT 2014"]
[Source "ChessBase"]
[SourceDate "2013.11.20"]
[SourceVersion "1"]
[SourceVersionDate "2013.11.20"]
[SourceQuality "1"]
[WhiteTeam "Hagen"]
[BlackTeam "Berlin Schachunion"]
[WhiteTeamCountry "GER"]
[BlackTeamCountry "GER"]

1. e4 e5 2. Nf3 Nc6 3. Bc4 Bc5 4. d3 Nf6 5. c3 d6 6. 0-0 Bg4 7. Nbd2 0-0 8. h3 Bh5 9. Re1 a6 10. Bb3 Re8 11. Nf1 d5 12. Ng3 Bg6 13. Bg5 d4 14. c4 Bb4 15. Rf1 h6 16. Bd2 Bxd2 17. Qxd2 Nh5 18. Nxh5 Bxh5 19. Nh2 Qe7 20. f4 Qb4 21. Qxb4 Nxb4 22. g4 Bg6 23. f5 Bh7 24. Rad1 c5 25. a3 Nc6 26. Ba4 Rec8 27. Nf3 f6 28. Rb1 Na7 29. Bd7 Rc7 30. Be6+ Kh8 31. Bd5 Bg8 32. Nd2 Bxd5 33. cxd5 b5 34. Rfc1 Rac8 35. b3 Kg8 36. Rc2 Kf8 37. Rbc1 Ke7 38. Kf2 Kd6 39. Ke2 Rb8 40. Kd1 Rbb7 41. b4 cxb4 42. axb4 Nc8 43. Rxc7 Rxc7 44. Rxc7 Kxc7 45. Nb3 Kb6 46. Kc2 Nd6 47. Nc5 Ka7 48. h4 Kb6 49. Ne6 Ne8 50. Kb3 1/2-1/2

[Event "Niedersachsen-ch U16"]
[Site "Rotenburg"]
[Date "2013.03.29"]
[Round "9"]
[White "Tschirner, Tom Luca"]
[Black "Pappert, Florian"]
[Result "1/2-1/2"]
[WhiteElo "1407"]
[BlackElo "1735"]
[PlyCount "48"]
[EventDate "2013.03.23"]
[EventType "swiss"]
[EventRounds "9"]
[EventCountry "GER"]
[SourceTitle "EXT 2015"]
[Source "ChessBase"]
[SourceDate "2014.11.20"]
[SourceVersion "1"]
[SourceVersionDate "2014.11.20"]
[SourceQuality "1"]

1. d4 d5 2. c4 e6 3. Nc3 c6 4. Nf3 f5 5. Bf4 Nf6 6. e3 Be7 7. Bd3 0-0 8. 0-0 Ne4 9. Nd2 Bd6 10. Bxd6 Qxd6 11. c5 Qe7 12. f3 Nf6 13. e4 Qd8 14. e5 Nh5 15. f4 g6 16. Be2 Ng7 17. Nf3 Bd7 18. b4 h6 19. Qd2 Na6 20. a3 Nc7 21. Rfb1 Kf7 22. Kf2 Rg8 23. g3 Nge8 24. h4 Nb5 1/2-1/2

[Event "Niedersachsen-ch U16"]
[Site "Rotenburg"]
[Date "2013.03.27"]
[Round "6"]
[White "Pappert, Florian"]
[Black "Grosser, Thomas"]
[Result "1-0"]
[WhiteElo "1735"]
[BlackElo "1489"]
[PlyCount "81"]
[EventDate "2013.03.23"]
[EventType "swiss"]
[EventRounds "9"]
[EventCountry "GER"]
[SourceTitle "EXT 2015"]
[Source "ChessBase"]
[SourceDate "2014.11.20"]
[SourceVersion "1"]
[SourceVersionDate "2014.11.20"]
[SourceQuality "1"]

1. e4 e6 2. d4 d5 3. exd5 exd5 4. Bd3 Bd6 5. Nc3 Ne7 6. Nge2 c6 7. Bf4 Bf5 8. 0-0 0-0 9. Re1 Re8 10. Qd2 Bxd3 11. Qxd3 Na6 12. a3 Nc7 13. Nd1 Ne6 14. Bxd6 Qxd6 15. Ne3 Qc7 16. c3 Ng6 17. Ng4 Re7 18. Qg3 Rae8 19. Qxc7 Nxc7 20. Kf1 Ne6 21. Nc1 Nef4 22. Rxe7 Rxe7 23. g3 Nh5 24. Nd3 Nf6 25. Nxf6+ gxf6 26. Re1 Kf8 27. Nc5 b6 28. Nd3 Ke8 29. Nb4 Rxe1+ 30. Kxe1 Kd7 31. Ke2 h5 32. Kf3 f5 33. Nd3 f6 34. Nf4 Nxf4 35. Kxf4 Ke6 36. b3 a5 37. b4 a4 38. f3 c5 39. b5 c4 40. h3 Kf7 41. Kxf5 1-0

[Event "Niedersachsen-ch U16"]
[Site "Rotenburg"]
[Date "2013.03.25"]
[Round "4"]
[White "Pappert, Florian"]
[Black "Dorn, Sylvain"]
[Result "1/2-1/2"]
[WhiteElo "1735"]
[BlackElo "1417"]
[PlyCount "64"]
[EventDate "2013.03.23"]
[EventType "swiss"]
[EventRounds "9"]
[EventCountry "GER"]
[SourceTitle "EXT 2015"]
[Source "ChessBase"]
[SourceDate "2014.11.20"]
[SourceVersion "1"]
[SourceVersionDate "2014.11.20"]
[SourceQuality "1"]

1. e4 e5 2. Nf3 d6 3. Bc4 Nc6 4. d3 Be7 5. Be3 Nf6 6. Nc3 Ng4 7. Qd2 h6 8. h3 Nxe3 9. Qxe3 Bf6 10. Nd5 Be6 11. c3 0-0 12. 0-0-0 Na5 13. Nxf6+ Qxf6 14. Bxe6 Qxe6 15. Kb1 Rfc8 16. g4 b5 17. Rdg1 Nc6 18. Nh4 Ne7 19. Nf5 a5 20. Nxe7+ Qxe7 21. g5 h5 22. g6 Qf6 23. gxf7+ Kxf7 24. Rg5 g6 25. Rhg1 Rg8 26. R5g3 Qe6 27. Qh6 Rg7 28. Rf3+ Kg8 29. Qg5 Rf8 30. Rxf8+ Kxf8 31. Qd8+ Kf7 32. Rg3 Qf6 1/2-1/2

[Event "Niedersachsen-ch U16"]
[Site "Rotenburg"]
[Date "2013.03.24"]
[Round "3"]
[White "Pappert, Florian"]
[Black "Voege, Tobias"]
[Result "0-1"]
[WhiteElo "1735"]
[BlackElo "1882"]
[PlyCount "84"]
[EventDate "2013.03.23"]
[EventType "swiss"]
[EventRounds "9"]
[EventCountry "GER"]
[SourceTitle "EXT 2015"]
[Source "ChessBase"]
[SourceDate "2014.11.20"]
[SourceVersion "1"]
[SourceVersionDate "2014.11.20"]
[SourceQuality "1"]

1. e4 c5 2. Nf3 Nc6 3. d4 cxd4 4. Nxd4 g6 5. Be3 Bg7 6. Nc3 Nf6 7. Bc4 0-0 8. 0-0 d6 9. h3 Bd7 10. Bb3 Rc8 11. Qd2 a6 12. Rad1 b5 13. f3 Ne5 14. Bh6 Nc4 15. Bxc4 Rxc4 16. Bxg7 Kxg7 17. Nd5 Nxd5 18. exd5 Qa8 19. Ne2 Rfc8 20. c3 Qa7+ 21. Kh1 b4 22. Qc2 bxc3 23. Nxc3 Ba4 24. b3 Rxc3 25. Qb2 Bb5 26. Rc1 Qd4 27. Rfd1 Qf6 28. Qd2 Rxc1 29. Rxc1 Rxc1+ 30. Qxc1 Qd4 31. Qe1 Kf8 32. Qa5 Qd1+ 33. Kh2 Qxd5 34. a4 Qe5+ 35. Kh1 Bd3 36. Qd2 Qa1+ 37. Kh2 Qb1 38. h4 Qc2 39. Qa5 Qxb3 40. Qg5 Qxa4 41. h5 Qb5 42. Qg4 Qxh5+ 0-1

[Event "Niedersachsen-ch op-A"]
[Site "Verden"]
[Date "2013.01.06"]
[Round "7"]
[White "Pappert, Florian"]
[Black "Davydov, Mihail"]
[Result "1/2-1/2"]
[WhiteElo "1652"]
[BlackElo "2060"]
[PlyCount "54"]
[EventDate "2013.01.03"]
[EventType "swiss"]
[EventRounds "7"]
[EventCountry "GER"]
[SourceTitle "EXT 2014"]
[Source "ChessBase"]
[SourceDate "2013.11.20"]
[SourceVersion "1"]
[SourceVersionDate "2013.11.20"]
[SourceQuality "1"]

1. e4 c6 2. d4 d5 3. e5 Bf5 4. Bd3 Bxd3 5. Qxd3 e6 6. Nf3 Qa5+ 7. Bd2 Qa6 8. Qxa6 Nxa6 9. 0-0 Ne7 10. Nc3 h5 11. Nd1 c5 12. c3 Nc6 13. Bf4 Be7 14. Ne3 g5 15. Bxg5 Bxg5 16. Nxg5 cxd4 17. cxd4 Nxd4 18. Rfd1 Nc6 19. f4 Ke7 20. Rac1 Rac8 21. h4 Nab8 22. Kf2 Nd7 23. a3 b5 24. Rc2 Na5 25. Rdc1 Rxc2+ 26. Rxc2 Rb8 27. Rc7 Rb7 1/2-1/2

[Event "Niedersachsen-ch op-A"]
[Site "Verden"]
[Date "2013.01.05"]
[Round "6"]
[White "Modder, Frank"]
[Black "Pappert, Florian"]
[Result "1/2-1/2"]
[WhiteElo "1888"]
[BlackElo "1652"]
[PlyCount "52"]
[EventDate "2013.01.03"]
[EventType "swiss"]
[EventRounds "7"]
[EventCountry "GER"]
[SourceTitle "EXT 2014"]
[Source "ChessBase"]
[SourceDate "2013.11.20"]
[SourceVersion "1"]
[SourceVersionDate "2013.11.20"]
[SourceQuality "1"]

1. d4 d5 2. Nf3 Nf6 3. e3 Nc6 4. Bb5 Bd7 5. 0-0 e6 6. c4 a6 7. Bxc6 Bxc6 8. Ne5 Bd7 9. Nxd7 Qxd7 10. Qb3 c6 11. Nc3 dxc4 12. Qxc4 Nd5 13. Ne4 Be7 14. Bd2 0-0 15. Nc5 Qc7 16. Rfc1 Rfd8 17. Rc2 Qb6 18. Nb3 Nb4 19. Rcc1 Rd7 20. a3 Nd5 21. Rc2 Rc8 22. Rb1 Qb5 23. Qxb5 axb5 24. Nc5 Bxc5 25. Rxc5 Nb6 26. Rcc1 Kf8 1/2-1/2

[Event "Niedersachsen-ch op-A"]
[Site "Verden"]
[Date "2013.01.03"]
[Round "2"]
[White "Nordhorn, Horst"]
[Black "Pappert, Florian"]
[Result "0-1"]
[WhiteElo "1759"]
[BlackElo "1652"]
[PlyCount "76"]
[EventDate "2013.01.03"]
[EventType "swiss"]
[EventRounds "7"]
[EventCountry "GER"]
[SourceTitle "EXT 2014"]
[Source "ChessBase"]
[SourceDate "2013.11.20"]
[SourceVersion "1"]
[SourceVersionDate "2013.11.20"]
[SourceQuality "1"]

1. e4 e5 2. f4 Nc6 3. Nf3 d6 4. Bc4 Be7 5. d4 exd4 6. Nxd4 Nf6 7. Nxc6 bxc6 8. Nc3 0-0 9. Qd3 Be6 10. Bd2 a5 11. f5 Bxc4 12. Qxc4 Qd7 13. Qd3 Ng4 14. 0-0 d5 15. Qg3 Nf6 16. e5 Bc5+ 17. Kh1 Ne8 18. f6 g6 19. Bh6 Rb8 20. Na4 Ba7 21. Rae1 Qe6 22. Qh4 Rb4 23. Rf4 Rxf4 24. Qxf4 Nd6 25. Bxf8 Kxf8 26. b3 Ne4 27. g3 Qh3 28. Rxe4 dxe4 29. Nb2 g5 30. Qc1 Bf2 31. Qd1 Ke8 32. Qe2 Bxg3 33. Nc4 h6 34. Kg1 Bf4 35. Nxa5 e3 36. Nxc6 Bxh2+ 37. Kh1 Bg3+ 38. Kg1 Bf2+ 0-1

[Event "Niedersachsen-ch op-A"]
[Site "Verden"]
[Date "2013.01.03"]
[Round "1"]
[White "Pappert, Florian"]
[Black "Brehm, Stefan"]
[Result "0-1"]
[WhiteElo "1652"]
[BlackElo "1882"]
[PlyCount "40"]
[EventDate "2013.01.03"]
[EventType "swiss"]
[EventRounds "7"]
[EventCountry "GER"]
[SourceTitle "EXT 2014"]
[Source "ChessBase"]
[SourceDate "2013.11.20"]
[SourceVersion "1"]
[SourceVersionDate "2013.11.20"]
[SourceQuality "1"]

1. e4 c5 2. Nf3 Nc6 3. d4 cxd4 4. Nxd4 Nf6 5. Nc3 e5 6. Ndb5 d6 7. Bg5 a6 8. Bxf6 gxf6 9. Na3 b5 10. Nd5 f5 11. Bd3 Be6 12. c3 Bxd5 13. exd5 Ne7 14. Nxb5 Bg7 15. Na3 0-0 16. 0-0 e4 17. Bc4 Ng6 18. Nc2 Qg5 19. Qe2 Nf4 20. Qe3 Qxg2# 0-1

[Event "Bad Harzburg op 13th"]
[Site "Bad Harzburg"]
[Date "2012.11.03"]
[Round "7.16"]
[White "Pappert, Florian"]
[Black "Brouer, Pieter"]
[Result "0-1"]
[WhiteElo "1594"]
[BlackElo "2010"]
[PlyCount "118"]
[EventDate "2012.10.30"]
[EventType "swiss"]
[EventRounds "8"]
[EventCountry "GER"]
[SourceTitle "EXT 2022"]
[Source "ChessBase"]
[SourceDate "2021.10.06"]
[SourceVersion "1"]
[SourceVersionDate "2021.10.06"]
[SourceQuality "1"]

1. e4 g6 2. d4 Bg7 3. Bc4 d6 4. Nc3 a6 5. Be3 e6 6. Qd2 h6 7. Nge2 b5 8. Bb3 Bb7 9. f3 Nd7 10. d5 e5 11. 0-0-0 Nc5 12. Kb1 Ne7 13. g4 Nxb3 14. cxb3 Rc8 15. Rc1 c5 16. h4 Rb8 17. h5 g5 18. Ng3 f6 19. Qd3 Qc7 20. Nd1 Bf8 21. Bd2 Nc8 22. Nf5 Be7 23. Nxe7 Nxe7 24. Ne3 Kf7 25. Rc2 Rhc8 26. Rhc1 Qd8 27. Qe2 Ra8 28. b4 cxb4 29. Bxb4 a5 30. Rxc8 Rxc8 31. Rxc8 Bxc8 32. Be1 Bd7 33. a3 Nc8 34. Bf2 Qc7 35. Qc2 Qb7 36. b4 axb4 37. axb4 Ke7 38. Nd1 Kd8 39. Nb2 Qa6 40. Qb3 Nb6 41. Qa2 Na4 42. Qa3 Ke7 43. Bg1 Qc8 44. Nxa4 bxa4 45. Bb6 Bb5 46. Qe3 Qc4 47. Qd2 Qf1+ 48. Kb2 Qxf3 49. Qc2 Qe2 50. Qxe2 Bxe2 51. Ka3 Bb5 52. Ba5 Kd7 53. Bb6 Bd3 54. Kxa4 Bxe4 55. Ka5 Bxd5 56. Ka6 Bf3 57. b5 Bxg4 58. Bd8 Kxd8 59. b6 Bf3 0-1

[Event "Bad Harzburg op 13th"]
[Site "Bad Harzburg"]
[Date "2012.11.01"]
[Round "5"]
[White "Walther, Joachim"]
[Black "Pappert, Florian"]
[Result "1-0"]
[WhiteElo "1830"]
[BlackElo "1662"]
[PlyCount "49"]
[EventDate "2012.10.30"]
[EventType "swiss"]
[EventRounds "8"]
[EventCountry "GER"]
[SourceTitle "EXT 2014"]
[Source "ChessBase"]
[SourceDate "2013.11.20"]
[SourceVersion "1"]
[SourceVersionDate "2013.11.20"]
[SourceQuality "1"]

1. d4 d5 2. c4 e6 3. Nf3 c6 4. Nc3 dxc4 5. a4 Bb4 6. Bd2 b5 7. axb5 Bxc3 8. Bxc3 cxb5 9. e3 a5 10. b3 Nf6 11. bxc4 b4 12. Bxb4 Bb7 13. Ba3 Nc6 14. Bd3 Nb4 15. Bxb4 axb4 16. 0-0 Be4 17. Bxe4 Nxe4 18. Rxa8 Qxa8 19. Qb3 0-0 20. Qxb4 Rb8 21. Qe7 Rb7 22. Qh4 Rb2 23. c5 h6 24. h3 Qa2 25. Qxe4 1-0

[Event "GER-chT North U16"]
[Site "Berlin"]
[Date "2012.09.08"]
[Round "5.3"]
[White "Pannier, Lukas"]
[Black "Pappert, Florian"]
[Result "0-1"]
[WhiteElo "1553"]
[BlackElo "1632"]
[PlyCount "60"]
[EventDate "2012.09.06"]
[EventType "team-swiss"]
[EventRounds "7"]
[EventCountry "GER"]
[SourceTitle "EXT 2015"]
[Source "ChessBase"]
[SourceDate "2014.11.20"]
[SourceVersion "1"]
[SourceVersionDate "2014.11.20"]
[SourceQuality "1"]
[WhiteTeam "SV "]
[BlackTeam "Hagen"]
[WhiteTeamCountry "GER"]
[BlackTeamCountry "GER"]

1. d4 Nf6 2. c4 e6 3. a3 b6 4. Nc3 Bb7 5. Bg5 Be7 6. e3 d6 7. Nf3 Nbd7 8. Bd3 h6 9. Bh4 d5 10. 0-0 0-0 11. cxd5 Nxd5 12. Bxe7 Qxe7 13. Nxd5 Bxd5 14. e4 Bb7 15. Re1 c5 16. Rc1 Rac8 17. Qa4 a6 18. Qb3 b5 19. Bb1 cxd4 20. Rxc8 Rxc8 21. Nxd4 Rc4 22. Qd1 Nf6 23. e5 Nd5 24. Nf3 Rc8 25. h3 Qc7 26. Qd3 g6 27. Qb3 Qc4 28. Nd2 Qc7 29. Nf3 Nb6 30. Qd3 Nc4 0-1

[Event "GER-ch U25 op-B"]
[Site "Oberhof"]
[Date "2012.06.01"]
[Round "8"]
[White "Von Reppert, Marc"]
[Black "Pappert, Florian"]
[Result "1/2-1/2"]
[WhiteElo "1468"]
[BlackElo "1461"]
[PlyCount "60"]
[EventDate "2012.05.27"]
[EventType "swiss"]
[EventRounds "9"]
[EventCountry "GER"]
[SourceTitle "CBM 148 Extra"]
[Source "ChessBase"]
[SourceDate "2012.06.22"]
[SourceVersion "1"]
[SourceVersionDate "2012.06.22"]
[SourceQuality "1"]

1. d4 e6 2. c4 d5 3. Nf3 f5 4. cxd5 exd5 5. Nc3 Be7 6. Bf4 c6 7. e3 Nf6 8. Be2 0-0 9. 0-0 Nbd7 10. h3 Ne4 11. Qc2 Kh8 12. Ne5 Nxe5 13. Bxe5 Bd6 14. Bxd6 Qxd6 15. Nxe4 fxe4 16. Qd1 Qg6 17. Kh2 Rf6 18. Bg4 Bxg4 19. Qxg4 Qxg4 20. hxg4 Raf8 21. Kg3 g5 22. f3 Kg7 23. Rf2 R8f7 24. Rc1 Kf8 25. b4 a6 26. a3 Ke7 27. Rb1 b5 28. Rc1 Kd7 29. Ra1 Kc7 30. Rh1 h6 1/2-1/2

[Event "GER-ch U25 op-B"]
[Site "Oberhof"]
[Date "2012.05.31"]
[Round "7"]
[White "Pappert, Florian"]
[Black "Janke, Christopher"]
[Result "1/2-1/2"]
[WhiteElo "1461"]
[BlackElo "1589"]
[PlyCount "42"]
[EventDate "2012.05.27"]
[EventType "swiss"]
[EventRounds "9"]
[EventCountry "GER"]
[SourceTitle "CBM 148 Extra"]
[Source "ChessBase"]
[SourceDate "2012.06.22"]
[SourceVersion "1"]
[SourceVersionDate "2012.06.22"]
[SourceQuality "1"]

1. d4 Nf6 2. Nc3 d5 3. Bf4 e6 4. e3 c5 5. Nf3 Nc6 6. Bb5 Bd7 7. 0-0 a6 8. Bxc6 Bxc6 9. Ne5 Qb6 10. Rb1 Be7 11. Bg5 Nd7 12. Bxe7 Kxe7 13. Nxc6+ Qxc6 14. Qg4 Rhg8 15. Rfe1 Nf6 16. Qf3 cxd4 17. exd4 Rac8 18. Qe3 g5 19. Re2 h5 20. f4 gxf4 21. Qxf4 Rg4 1/2-1/2

[Event "GER-ch U25 op-B"]
[Site "Oberhof"]
[Date "2012.05.30"]
[Round "6"]
[White "Fischer, Maxi"]
[Black "Pappert, Florian"]
[Result "0-1"]
[WhiteElo "1418"]
[BlackElo "1461"]
[PlyCount "104"]
[EventDate "2012.05.27"]
[EventType "swiss"]
[EventRounds "9"]
[EventCountry "GER"]
[SourceTitle "CBM 148 Extra"]
[Source "ChessBase"]
[SourceDate "2012.06.22"]
[SourceVersion "1"]
[SourceVersionDate "2012.06.22"]
[SourceQuality "1"]

1. e4 c5 2. Nf3 Nc6 3. d4 cxd4 4. Nxd4 Nf6 5. f3 g6 6. Be3 Bg7 7. Nc3 0-0 8. Qd2 d5 9. 0-0-0 dxe4 10. Kb1 Nxd4 11. Bxd4 exf3 12. gxf3 Bf5 13. h4 Qc7 14. Bh3 Bxh3 15. Rxh3 Rfd8 16. Qf2 b6 17. Rg1 Qd7 18. Bxf6 Qxh3 19. Bxg7 Kxg7 20. Re1 Rd7 21. a3 Rad8 22. Ka2 Rd2 23. Qe3 Qxh4 24. Kb1 Qf2 25. Qe5+ Kg8 26. Qxe7 Qxf3 27. Ka2 Qf5 28. Re4 R8d7 29. Qh4 Rxc2 30. Qh6 Rd8 31. Rh4 g5 32. Rh5 Qe6+ 33. Qxe6 fxe6 34. Rxg5+ Kf7 35. Rb5 Rd3 36. Kb3 Rh2 37. Kc4 Rdd2 38. b4 h5 39. Rg5 a6 40. a4 Rh4+ 41. Kb3 Rd3 42. Kc2 Rf3 43. b5 a5 44. Nd1 Rh2+ 45. Kb1 Rf1 46. Kc1 Rhh1 47. Rg2 Rxd1+ 48. Kc2 Ra1 49. Rf2+ Ke7 50. Kd3 Rxa4 51. Rc2 Rh3+ 52. Kd2 Rh2+ 0-1

[Event "GER-ch U25 op-B"]
[Site "Oberhof"]
[Date "2012.05.27"]
[Round "2"]
[White "Pappert, Florian"]
[Black "Dittrich, Tom"]
[Result "1-0"]
[WhiteElo "1461"]
[BlackElo "1270"]
[PlyCount "55"]
[EventDate "2012.05.27"]
[EventType "swiss"]
[EventRounds "9"]
[EventCountry "GER"]
[SourceTitle "CBM 148 Extra"]
[Source "ChessBase"]
[SourceDate "2012.06.22"]
[SourceVersion "1"]
[SourceVersionDate "2012.06.22"]
[SourceQuality "1"]

1. e4 c5 2. Nf3 d6 3. d4 cxd4 4. Nxd4 Nf6 5. Nc3 a6 6. Bd3 e5 7. Nb3 Be6 8. 0-0 Be7 9. Qe2 b5 10. Be3 0-0 11. Rad1 Nbd7 12. Rd2 Qc7 13. Rfd1 Nb6 14. f3 b4 15. Nb1 a5 16. Bxb6 Qxb6+ 17. Qf2 Qc7 18. Kh1 a4 19. Nc1 Rfc8 20. a3 d5 21. exd5 Bxd5 22. Bf5 Rd8 23. Nd3 bxa3 24. Nxa3 Bxa3 25. bxa3 Qc4 26. Qe3 g6 27. Be4 Ra5 28. Qb6 1-0

[Event "Niedersachsen-ch op-B"]
[Site "Verden"]
[Date "2012.01.03"]
[Round "4"]
[White "Brinkers, Niklas"]
[Black "Pappert, Florian"]
[Result "0-1"]
[WhiteElo "1113"]
[BlackElo "1441"]
[PlyCount "110"]
[EventDate "2012.01.02"]
[EventType "swiss"]
[EventRounds "7"]
[EventCountry "GER"]
[SourceTitle "EXT 2021"]
[Source "ChessBase"]
[SourceDate "2020.10.23"]
[SourceVersion "1"]
[SourceVersionDate "2020.10.23"]
[SourceQuality "1"]

1. e4 e5 2. Nf3 Nf6 3. Nxe5 d6 4. Nf3 Nxe4 5. d3 Nf6 6. Bg5 Be7 7. d4 h6 8. Bh4 0-0 9. Bd3 Nc6 10. 0-0 d5 11. Re1 Bg4 12. Nc3 Nxd4 13. Be2 Nxe2+ 14. Qxe2 Re8 15. Qd3 Bxf3 16. Qxf3 c6 17. Rad1 Nd7 18. Bg3 Bf6 19. Qd3 Nc5 20. Qf3 Bxc3 21. Qxc3 Ne4 22. Qf3 Nxg3 23. Qxg3 Qf6 24. Qb3 Re7 25. Qa3 Rae8 26. Rf1 Re2 27. Qxa7 Rxc2 28. Qxb7 Ree2 29. Qb6 Rxb2 30. Qa7 Rxa2 31. Qc5 Rac2 32. Qb6 Qb2 33. Qd8+ Kh7 34. Qd7 Rxf2 35. Rxf2 Rxf2 36. Qh3 Qb6 37. Kh1 Qb5 38. Kg1 Qc5 39. Kh1 Qc2 40. Ra1 Qf5 41. Qxf5+ Rxf5 42. Kg1 d4 43. Rd1 c5 44. g4 Rf4 45. h3 c4 46. Kg2 d3 47. Rd2 Rd4 48. Kf3 c3 49. Rd1 c2 50. Rc1 d2 51. Rxc2 d1Q+ 52. Re2 Rd2 53. g5 Qxe2+ 54. Kg3 Rd3+ 55. Kf4 Rf3+ 0-1